<?xml version="1.0" encoding="UTF-8"?>
<record
    xmlns:xsi="http://www.w3.org/2001/XMLSchema-instance"
    xsi:schemaLocation="http://www.loc.gov/MARC21/slim http://www.loc.gov/standards/marcxml/schema/MARC21slim.xsd"
    xmlns="http://www.loc.gov/MARC21/slim">

  <leader>01730nam a22001937a 4500</leader>
  <controlfield tag="008">111125t        xxu||||| |||| 00| 0 eng d</controlfield>
  <datafield tag="020" ind1=" " ind2=" ">
    <subfield code="a">053461731x</subfield>
  </datafield>
  <datafield tag="050" ind1=" " ind2=" ">
    <subfield code="a">BF76.5.M571</subfield>
  </datafield>
  <datafield tag="100" ind1=" " ind2=" ">
    <subfield code="a">Mitchell, Mark</subfield>
  </datafield>
  <datafield tag="245" ind1=" " ind2=" ">
    <subfield code="a">Research design explained /</subfield>
    <subfield code="c">Mark Mitchell and Janina Jolley</subfield>
  </datafield>
  <datafield tag="250" ind1=" " ind2=" ">
    <subfield code="a">5th ed.</subfield>
  </datafield>
  <datafield tag="260" ind1=" " ind2=" ">
    <subfield code="a">Australia:</subfield>
    <subfield code="b">Thomson,</subfield>
    <subfield code="c">c2004.</subfield>
  </datafield>
  <datafield tag="300" ind1=" " ind2=" ">
    <subfield code="a">xx, 570 p.:</subfield>
    <subfield code="b">ill.</subfield>
    <subfield code="c">24cm.</subfield>
  </datafield>
  <datafield tag="500" ind1=" " ind2=" ">
    <subfield code="a">Includes bibliographical references and index.</subfield>
  </datafield>
  <datafield tag="505" ind1=" " ind2=" ">
    <subfield code="a">Contents: Psychology and science -- Concluding remarks -- Generating and refining research hypotheses -- Concluding remarks -- Reading and evaluating research -- Concluding remarks -- Measuring and manipulating variables: Reliability and validity --Concluding remarks -- Beyond reliability and validity: The Best measure for your study --Concluding remarks -- Introduction to descriptive methods -- Concluding remarks -- Survey research -- Concluding remarks -- Internal validity -- Concluding remarks -- The Simple experiment -- Concluding remarks -- Expanding the simple experiment: The Multiple-group experiment -- Concluding remarks -- Expanding the experiment: Factorial designs -- Concluding remarks -- Matched pairs, within-subjects, and mixed designs -- Single-N designs and quasi-experiments -- Concluding remarks -- Putting it all together: Writing research proposals and reports -- Concluding remarks -- Appendix A: APA's ethical code: Implications for planning and conducting research -- Appendix B: Searching the literature -- Appendix C: Sample APA-style paper -- Appendix D:A Beginning researchers guide to statistics -- Appendix E: Statistical tables -- Glossary.  </subfield>
  </datafield>
  <datafield tag="650" ind1=" " ind2=" ">
    <subfield code="a">Psychology-research</subfield>
  </datafield>
  <datafield tag="700" ind1=" " ind2=" ">
    <subfield code="a">Jolley, Janina</subfield>
  </datafield>
  <datafield tag="942" ind1=" " ind2=" ">
    <subfield code="2">lcc</subfield>
    <subfield code="c">BK</subfield>
  </datafield>
  <datafield tag="999" ind1=" " ind2=" ">
    <subfield code="c">314</subfield>
    <subfield code="d">7814</subfield>
  </datafield>
  <datafield tag="952" ind1=" " ind2=" ">
    <subfield code="0">0</subfield>
    <subfield code="1">0</subfield>
    <subfield code="2">lcc</subfield>
    <subfield code="4">0</subfield>
    <subfield code="7">0</subfield>
    <subfield code="a">WIUC-1</subfield>
    <subfield code="b">WIUC-1</subfield>
    <subfield code="c">GEN</subfield>
    <subfield code="d">2011-11-25</subfield>
    <subfield code="l">0</subfield>
    <subfield code="o">BF76.5.M57</subfield>
    <subfield code="p">824/11</subfield>
    <subfield code="r">2011-11-25 00:00:00</subfield>
    <subfield code="t">1</subfield>
    <subfield code="w">2011-11-25</subfield>
    <subfield code="y">BK</subfield>
  </datafield>
  <datafield tag="952" ind1=" " ind2=" ">
    <subfield code="0">0</subfield>
    <subfield code="1">0</subfield>
    <subfield code="2">lcc</subfield>
    <subfield code="4">0</subfield>
    <subfield code="7">0</subfield>
    <subfield code="a">WIUC-1</subfield>
    <subfield code="b">WIUC-1</subfield>
    <subfield code="c">GEN</subfield>
    <subfield code="d">2011-11-25</subfield>
    <subfield code="l">0</subfield>
    <subfield code="o">BF76.5.M571</subfield>
    <subfield code="p">825/11</subfield>
    <subfield code="r">2011-11-25 00:00:00</subfield>
    <subfield code="t">2</subfield>
    <subfield code="w">2011-11-25</subfield>
    <subfield code="y">BK</subfield>
  </datafield>
</record>
